00939nam a2200217 a 4500001001000000003000500010005001700015008004100032010001100073011001100084040000900095100003700104245016500141260004100306500006000347502008200407650005600489650004400545650006200589856007000651000113713CHAP20220329144409.0170911s2017 mx sm |||||||spa d a110174 a111146 cCHAP1 aGarcía Clemente, Jokebed Ittai10aCompendio metodológico para la evaluación de la cartografía con imágenes digitales y su aplicaciónh[En línea]cpor Jokebed Ittai García Clemente. aChapingo, Méx. :bEl autor,c2017. aPara ver el contenido del material haga clic en la liga aTesis (Ing. en Recursos Naturales Renovables) -- UACH. Departamento de Suelos14aCartografíaxProcesamietno automático de datos.14aCartografíazNevado de Toluca, Méx.14aVida silvestrezNevado de Toluca, Méx.xPreservación. aFinding aiduhttp://10.13.5.2/tesis/sist113713.pdfzTeclea aquí